000 01153nam a2200289 i 4500
003 EG-GICUC
005 20260410105019.0
008 260410s1970 us |||fr|||| 00| 0 eng d
040 _a EG-GICUC
_beng
_c EG-GICUC
_d EG-GICUC
_erda
082 0 4 _221
_a341.3
_bJO . I
092 0 4 _221
099 _aLaw1 11 341.3 JO . I 1970
110 _aThe Journal Of The David Davies Memorial Institute Of International Studies
_eAuthor.
245 0 2 _aInternational Relations .
_hVolume III /
_cThe Journal Of The David Davies Memorial Institute Of International Studies.
264 1 _aUnited States:
_bThe Journal Of The David Davies Memorial Institute Of International Studies,
_c1970.
300 _aMulti-pages;
_c24 cm.
336 _2rda content
_atext
337 _2rda media
_aComputer
338 _2rda carrier
_aOnline Resource
500 _aExtracted from The Journal of the David Davies Memorial Institute of International Studies
546 _aText in English
650 0 4 _aInternational Public Law
650 0 4 _aInternational Relations
856 4 0 _uhttps://fll.law.cu.edu.eg/fulltext/bks/B11-09782.pdf
905 _a59
942 _2ddc
_cBK
_e21
_n0
999 _c69927
_d69927